[Event "AUTO-ADV-4462"]
[Site "http://www.queenalice.com/game.php?id=1642885"]
[Date "2021.2.8"]
[Round "1"]
[White "Canaye"]
[Black "ignacius_01"]
[Result "0-1"]
[WhiteElo "1851"]
[BlackElo "1989"]

1. d4 d5 2. c4 c6 3. Nc3 e6 4. cxd5 cxd5 5. e4 dxe4 6. Nxe4 Nf6 7. Bg5 Be7 8.
Nxf6+ Bxf6 9. Bxf6 Qxf6 10. Be2 O-O 11. Nf3 b6 12. Rc1 Bb7 13. O-O Nc6 14. Re1
Rad8 15. Qc2 Nxd4 16. Nxd4 Qxd4 17. Rcd1 Qe4 18. Qxe4 Bxe4 19. f3 Bd5 20. b3 a5
21. Kf2 g6 22. Bb5 Bb7 23. Ke3 Rd5 24. Rxd5 Bxd5 25. Re2 Rc8 26. Kd4 Kg7 27. Ke5
Rc5 28. Bd3 Bxb3+ 29. Kf4 Bd5 30. g4 Rc3 31. Be4 Bc4 32. Rc2 Rxc2 33. Bxc2 Bxa2
34. Ke3 Bc4 35. Kd4 b5 36. f4 a4 37. Kc3 a3 38. h4 h6 39. Be4 f5 40. gxf5 exf5
41. Bc2 Kf6 42. Bd1 g5 43. hxg5+ hxg5 44. fxg5+ Kxg5 45. Bc2 f4 46. Be4 Kg4 47.
Bh1 f3 48. Bxf3+ Kxf3 49. Kc2 Ke3 50. Kc3 a2 51. Kb2 Kd4 52. Ka1 Kc5 53. Kb2
a1=Q+ 54. Kxa1 Kb4 55. Kb2 Ka4 56. Kb1 Ka3 57. Ka1 b4 58. Kb1 b3 59. Ka1 b2+ 60.
Kb1 Bd3# 0-1

[Event "AUTO-MASTER-3026"]
[Site "http://www.queenalice.com/game.php?id=1642929"]
[Date "2021.2.8"]
[Round "1"]
[White "ignacius_01"]
[Black "JailtonMaster"]
[Result "1-0"]
[WhiteElo "1997"]
[BlackElo "1924"]

1. d4 d5 2. c4 c6 3. Nf3 Nf6 4. e3 e6 5. Bd3 dxc4 6. Bxc4 Bb4+ 7. Bd2 Bxd2+ 8.
Nbxd2 b5 9. Bb3 O-O 10. O-O Bb7 11. Re1 Nbd7 12. e4 Nb6 13. e5 Nfd5 14. Ne4 Nc4
15. Bxc4 bxc4 16. Nc5 Bc8 17. Qc2 Nb6 18. b3 cxb3 19. Nxb3 Bb7 20. Nc5 Qc7 21.
Nxb7 Qxb7 22. Rab1 Qc7 23. Qe4 h6 24. Rec1 Nd5 25. a4 Rfb8 26. Ra1 Rb4 27. a5
Rab8 28. h3 Qd7 29. Rc5 f5 30. exf6 gxf6 31. Qg6+ Qg7 32. Qxg7+ Kxg7 33. Rxc6
Kf7 34. Re1 Rb1 35. Ra6 Rxe1+ 36. Nxe1 Rb7 37. Nd3 Nc7 38. Rc6 f5 39. Ne5+ Kf6
40. Nd7+ Ke7 41. Nc5 Rb1+ 42. Kh2 Nd5 43. Rxe6+ Kf7 44. Rxh6 Rb2 45. Rh7+ Kg6
46. Rxa7 Rxf2 47. Kg3 Rd2 48. Ra6+ Kh5 49. Ne6 Ne3 50. Nf4+ 1-0

[Event "AUTO-MASTER-3026"]
[Site "http://www.queenalice.com/game.php?id=1642930"]
[Date "2021.2.8"]
[Round "1"]
[White "JailtonMaster"]
[Black "ignacius_01"]
[Result "1-0"]
[WhiteElo "1926"]
[BlackElo "2010"]

1. e4 c5 2. Nf3 a6 3. d4 cxd4 4. Nxd4 g6 5. Nc3 Bg7 6. Be2 b5 7. a3 Bb7 8. O-O
Nc6 9. Be3 e5 10. Nxc6 Bxc6 11. Nd5 Nf6 12. Bb6 Qb8 13. Nc7+ Kf8 14. Nxa8 Qxa8
15. Qd6+ Kg8 16. f3 Ne8 17. Qd2 h6 18. b3 Kh7 19. c4 Nf6 20. Rad1 Qb7 21. Be3
bxc4 22. Bxc4 Bf8 23. Bxf7 Bg7 24. Bd5 Nxd5 25. exd5 Bb5 26. Rfe1 d6 27. Rc1 h5
28. Rc2 Bd7 29. b4 Rf8 30. Rec1 Bf5 31. Rc7 Qb5 32. Ra7 Rc8 33. Rxc8 Bxc8 34.
Qc3 Qb8 35. Qc7 Qxc7 36. Rxc7 Bf5 37. Rc6 Bd3 38. Rxd6 Bc4 39. Rd7 Kg8 40. d6
Bb5 41. Rd8+ Kf7 42. Bc5 Bf6 43. Rb8 Ke6 44. Kf2 g5 45. Ke3 h4 46. g3 hxg3 47.
hxg3 Bc6 48. Rb6 Bb5 49. a4 Bc4 50. b5 axb5 51. a5 Bd8 52. Ra6 b4 53. Ra8 Bf6
54. Bxb4 Bd5 55. Rb8 Kd7 56. a6 Bd8 57. a7 1-0

[Event "AUTO-MASTER-3026"]
[Site "http://www.queenalice.com/game.php?id=1642931"]
[Date "2021.2.8"]
[Round "1"]
[White "ignacius_01"]
[Black "Alexandrovinsk"]
[Result "0-1"]
[WhiteElo "1981"]
[BlackElo "2178"]

1. d4 f5 2. c4 Nf6 3. e3 e6 4. Be2 b6 5. Bf3 d5 6. cxd5 exd5 7. Nc3 Be6 8. Bh5+
Nxh5 9. Qxh5+ g6 10. Qe2 Bg7 11. Nf3 O-O 12. O-O Nd7 13. Qb5 Nf6 14. Ng5 Bd7 15.
Qb3 c6 16. Qd1 Ne4 17. Nh3 Qe8 18. Nf4 Nxc3 19. bxc3 Qe4 20. Ba3 Rfe8 21. Re1
Rec8 22. Qb1 Qe8 23. Qd3 g5 24. Nh3 Qh5 25. f3 Re8 26. Bd6 Re6 27. Bg3 Re7 28.
f4 g4 29. Nf2 Rae8 30. c4 Qf7 31. cxd5 cxd5 32. Nh1 Bf6 33. Bf2 h5 34. Rad1 h4
35. Re2 Re4 36. Red2 Ba4 37. Rc1 Qd7 38. Re1 Bb5 39. Qb3 Bc4 40. Qb1 b5 41. g3
h3 42. Rc1 Be7 43. Qb2 a5 44. a3 Bd6 45. Rxc4 bxc4 46. Re2 Rb8 47. Qc3 Qa4 48.
Be1 Rb3 49. Qxa5 Qxa5 50. Bxa5 Rxa3 51. Bd8 Raxe3 52. Rxe3 Rxe3 53. Nf2 Re1# 0-1

[Event "AUTO-MASTER-3026"]
[Site "http://www.queenalice.com/game.php?id=1642932"]
[Date "2021.2.8"]
[Round "1"]
[White "Alexandrovinsk"]
[Black "ignacius_01"]
[Result "0-1"]
[WhiteElo "2145"]
[BlackElo "2019"]

1. d4 d5 2. c4 c6 3. Nf3 g6 4. Bf4 Bg7 5. e3 Nf6 6. Nc3 Nbd7 7. Bd3 Nh5 8. Bg3
Nxg3 9. hxg3 Nf6 10. cxd5 cxd5 11. Rc1 O-O 12. Kf1 Bg4 13. Qd2 Bxf3 14. gxf3 a6
15. Kg2 Nh5 16. g4 Nf6 17. g5 Nh5 18. Qe2 e5 19. dxe5 Qxg5+ 20. Kf1 Qxe5 21. f4
Qd6 22. Rxh5 gxh5 23. Qxh5 Qh6 24. Qxh6 Bxh6 25. Nxd5 Bg7 26. b3 Kh8 27. Nb6
Rad8 28. Be4 Rd6 29. Nd5 Rfd8 30. Rd1 h5 31. Ke2 b5 32. Bf3 h4 33. e4 Rh6 34.
Rh1 Rc8 35. Kd2 Bd4 36. Ne7 Bc3+ 37. Kd3 Rc5 38. e5 h3 39. Rh2 Rh4 40. Ke3 Bb2
41. Be4 Rc3+ 42. Bd3 Bc1+ 43. Kd4 Bb2 44. Ke4 Ba3 45. Nf5 Rh7 46. Ke3 Bc1+ 47.
Kd4 b4 48. Ne3 Rh4 49. Ke4 a5 50. Ng2 Rh6 51. Ne1 Kg7 52. f3 Rh4 53. Bf1 Re3+
0-1

[Event "AUTO-MASTER-3026"]
[Site "http://www.queenalice.com/game.php?id=1642933"]
[Date "2021.2.8"]
[Round "1"]
[White "ignacius_01"]
[Black "SubRoger"]
[Result "1-0"]
[WhiteElo "1986"]
[BlackElo "1892"]

1. d4 d5 2. c4 e6 3. cxd5 exd5 4. a3 Nf6 5. e3 g6 6. Be2 Bg7 7. Nf3 O-O 8. O-O
c6 9. Nc3 Re8 10. Qb3 Nbd7 11. Re1 Nf8 12. Qd1 Ne4 13. Qb3 f5 14. Bd3 Kh8 15.
Nd2 Rb8 16. Be2 Ne6 17. Ndxe4 fxe4 18. Qd1 Rf8 19. Bg4 Qf6 20. Rf1 Qh4 21. g3
Qf6 22. Qe2 Ng5 23. Bxc8 Rbxc8 24. Qg4 Nf3+ 25. Kg2 Rc7 26. b4 Rcf7 27. h4 h5
28. Qh3 Ne1+ 29. Kh2 Nd3 30. Nd1 Qf5 31. Qxf5 Rxf5 32. Kg1 g5 33. hxg5 Rxg5 34.
Kg2 Rgf5 35. Ra2 Nxc1 36. Rc2 Nd3 37. Rh1 1-0

[Event "AUTO-MASTER-3026"]
[Site "http://www.queenalice.com/game.php?id=1642934"]
[Date "2021.2.8"]
[Round "1"]
[White "SubRoger"]
[Black "ignacius_01"]
[Result "0-1"]
[WhiteElo "1869"]
[BlackElo "2009"]

1. d4 d5 2. Nf3 c5 3. e3 cxd4 4. exd4 a6 5. Bd3 Nf6 6. O-O e6 7. c3 b5 8. Bg5
Be7 9. Nbd2 Nbd7 10. Qc2 h6 11. Bh4 Nh5 12. Bxe7 Qxe7 13. Rfe1 Nf4 14. Ne5 Nxd3
15. Nxd3 O-O 16. Nf3 Nf6 17. Nde5 Bb7 18. h3 Rac8 19. Rac1 Ne4 20. Nd2 Nd6 21.
Qd3 Nc4 22. Ndxc4 dxc4 23. Qg3 Rcd8 24. Qe3 Qf6 25. Ng4 Qg6 26. f3 Rd5 27. Ne5
Qh5 0-1

[Event "AUTO-OPEN-4280"]
[Site "http://www.queenalice.com/game.php?id=1759558"]
[Date "2021.5.16"]
[Round "1"]
[White "BigRezi"]
[Black "ignacius_01"]
[Result "0-1"]
[WhiteElo "1751"]
[BlackElo "1928"]

1. e4 c5 2. Nf3 a6 3. d4 cxd4 4. Nxd4 g6 5. Be2 Bg7 6. Be3 e6 7. O-O Nc6 8. c3
Nf6 9. Bf3 O-O 10. Nd2 d6 11. Nc4 Ne7 12. e5 dxe5 13. Nb3 e4 14. Be2 Nf5 15. Bf4
Nd5 16. Qd2 b5 17. Ne5 Nxf4 18. Qxf4 Qc7 19. Rad1 Bxe5 20. Qxe4 Bb7 21. Qc2 Nh4
22. g3 Nf3+ 23. Bxf3 Bxf3 24. Nd2 Bxd1 25. Qxd1 Qc6 26. Nf3 Bf6 27. Qe2 a5 28.
b3 Qxc3 29. Ne1 b4 30. Nd3 Rad8 31. Nf4 Rd2 32. Qe1 Rxa2 33. Qd1 Ra1 34. Qe2
Rxf1+ 35. Qxf1 Rd8 36. Qb1 Qa1 37. Qxa1 Bxa1 0-1

[Event "AUTO-OPEN-4280"]
[Site "http://www.queenalice.com/game.php?id=1759559"]
[Date "2021.5.16"]
[Round "1"]
[White "ignacius_01"]
[Black "BigRezi"]
[Result "1-0"]
[WhiteElo "1929"]
[BlackElo "1758"]

1. d4 Nf6 2. c4 g6 3. e3 Bg7 4. g3 d5 5. cxd5 Nxd5 6. Bg2 O-O 7. Nf3 Bg4 8. Nc3
Nf6 9. Qb3 b6 10. Ne5 Be6 11. Qd1 Nd5 12. Nf3 Nxc3 13. bxc3 Nd7 14. Ng5 Bc4 15.
Bxa8 Qxa8 16. Qf3 Qxf3 17. Nxf3 c5 18. Nd2 Bd5 19. O-O e5 20. Bb2 exd4 21. exd4
cxd4 22. cxd4 a5 23. Rfe1 Nf6 24. Nf1 Ne4 25. Ne3 Ba8 26. Rab1 Ng5 27. Red1 Bf3
28. Rdc1 Be4 29. Ra1 Nf3+ 30. Kg2 Nxd4+ 31. Kh3 Nf3 32. Bxg7 Kxg7 33. Rc7 Ng5+
34. Kg4 Kh6 35. h4 Ne6 36. Rc4 Bd3 37. Rc3 Bb5 38. Rb1 Be2+ 39. Kh3 b5 40. Rb2
Nd4 41. Ng4+ Kg7 42. Re3 Bc4 43. Ne5 1-0

[Event "AUTO-OPEN-4280"]
[Site "http://www.queenalice.com/game.php?id=1759584"]
[Date "2021.5.16"]
[Round "1"]
[White "askasl159"]
[Black "ignacius_01"]
[Result "1/2-1/2"]
[WhiteElo "1614"]
[BlackElo "1919"]

1. e4 c5 2. b4 cxb4 3. a3 bxa3 4. Bxa3 Nc6 5. Nf3 a6 6. d4 b5 7. d5 Na5 8. Bd3
Nf6 9. O-O g6 10. Bb4 Nb7 11. Qe2 Bg7 12. Ra2 O-O 13. c4 bxc4 14. Bxc4 Qb6 15.
Bc3 a5 16. Nbd2 Qd8 17. Bxf6 Bxf6 18. e5 Bg7 19. Ne4 e6 20. d6 a4 21. Rb1 f6 22.
exf6 Bxf6 23. Bb5 Qb6 24. Qd3 Qd8 25. Rxa4 Rxa4 26. Bxa4 Qa5 27. Nxf6+ Rxf6 28.
Bc2 Qc5 29. Rd1 Nd8 30. h3 Bb7 31. Qd4 Qxd4 32. Nxd4 Nf7 33. Nb5 Bc6 34. Nc3 e5
35. Be4 Rxd6 36. Rxd6 Nxd6 37. Bxc6 dxc6 38. f3 Kf7 39. Kf2 Ke6 40. Ke3 Kf5 41.
g3 h6 42. g4+ Ke6 43. f4 exf4+ 44. Kxf4 Nf7 45. h4 Nd6 46. g5 h5 47. Na4 Nf5 48.
Nc5+ Kd5 49. Nd7 c5 50. Nb6+ Kd4 51. Nd7 c4 52. Nf8 Ne7 53. Ne6+ Kd5 54. Nf8 Kd4
55. Ne6+ Kd3 56. Ke5 c3 57. Nc5+ Ke2 58. Kf6 c2 59. Nb3 Nf5 60. Kxg6 Nxh4+ 61.
Kxh5 Nf5 62. g6 Ke3 63. Kg5 Ke4 64. Kf6 Kf4 65. Nc1 Ke4 66. g7 Nxg7 67. Kxg7 Kd4
68. Kf6 Kc3 1/2-1/2

[Event "AUTO-OPEN-4280"]
[Site "http://www.queenalice.com/game.php?id=1759585"]
[Date "2021.5.16"]
[Round "1"]
[White "ignacius_01"]
[Black "askasl159"]
[Result "1-0"]
[WhiteElo "2001"]
[BlackElo "1624"]

1. d4 d5 2. c4 c6 3. e3 Bf5 4. Nc3 g6 5. Nf3 Bg7 6. Nh4 Be6 7. cxd5 cxd5 8. g3
a6 9. Bg2 Nc6 10. a3 Nf6 11. O-O O-O 12. b4 Nd7 13. Nxd5 Bxd5 14. Bxd5 Nb6 15.
Bxc6 bxc6 16. Qc2 Qc7 17. Bb2 Nd5 18. e4 Nb6 19. Rac1 Rac8 20. d5 Bxb2 21. Qxb2
Na4 22. Qc2 Nb6 23. Qxc6 Qxc6 24. Rxc6 Rxc6 25. dxc6 Rc8 26. Rc1 Rc7 27. Nf3 f6
28. Nd4 Kf7 29. b5 axb5 30. Nxb5 Rc8 31. c7 Ra8 32. Kg2 f5 33. exf5 gxf5 34. Nd4
e6 35. Rc6 Nc8 36. Nxe6 1-0

[Event "AUTO-OPEN-4280"]
[Site "http://www.queenalice.com/game.php?id=1759602"]
[Date "2021.5.16"]
[Round "1"]
[White "ignacius_01"]
[Black "Canaye"]
[Result "1/2-1/2"]
[WhiteElo "2011"]
[BlackElo "1878"]

1. d4 e6 2. c4 d5 3. cxd5 exd5 4. Nf3 c5 5. b3 Nc6 6. Bb2 Nf6 7. e3 cxd4 8. Nxd4
Qb6 9. Be2 Bc5 10. Nxc6 Qxc6 11. a4 O-O 12. Nd2 Be6 13. O-O Ne4 14. Nf3 Rad8 15.
Nd4 Bxd4 16. Bxd4 Nc3 17. Bxc3 Qxc3 18. Rc1 Qa5 19. Rb1 Qb4 20. Qd3 g6 21. Qd4
Qxd4 22. exd4 Rc8 23. Rfc1 Rc6 24. Rc5 Rfc8 25. Rxc6 Rxc6 26. g3 Rc2 27. Bf3 f5
28. Kf1 Kf7 29. Kg2 Kf6 30. h4 h6 31. Kf1 Rc3 32. Be2 g5 33. hxg5+ hxg5 34. b4
f4 35. gxf4 gxf4 36. f3 Bf5 37. Rb2 Bd3 1/2-1/2

[Event "AUTO-OPEN-4280"]
[Site "http://www.queenalice.com/game.php?id=1759603"]
[Date "2021.5.16"]
[Round "1"]
[White "Canaye"]
[Black "ignacius_01"]
[Result "1-0"]
[WhiteElo "1834"]
[BlackElo "2003"]

1. d4 d5 2. c4 c6 3. Nc3 Nf6 4. cxd5 cxd5 5. h3 e6 6. Bf4 Nc6 7. e3 Be7 8. Bd3
a6 9. Nge2 Bd6 10. O-O Bxf4 11. Nxf4 O-O 12. a3 e5 13. dxe5 Nxe5 14. Bc2 Be6 15.
Nxe6 fxe6 16. Bb3 b5 17. a4 b4 18. Ne2 Nc4 19. Rb1 Nd6 20. Rc1 Nde4 21. f3 Ng5
22. Nf4 Re8 23. h4 Nf7 24. Qd2 a5 25. Rc6 Nd6 26. Rfc1 Rc8 27. Rxc8 Nxc8 28. Rc6
Qd7 29. Qc3 Nd6 30. Qc1 Rc8 31. Rxc8+ Nxc8 32. Nd3 Ne7 33. Ne5 Qc8 34. Qxc8+
Nxc8 35. Nc6 Nd7 36. Nxa5 Nc5 37. Bc2 Na7 38. b3 h6 39. Kf2 Kf7 40. e4 dxe4 41.
fxe4 Nc8 42. Nc4 Kf6 43. Kf3 Na7 44. e5+ 1-0

[Event "AUTO-MASTER-3045"]
[Site "http://www.queenalice.com/game.php?id=1759863"]
[Date "2021.5.19"]
[Round "1"]
[White "ignacius_01"]
[Black "jlpbarreto"]
[Result "0-1"]
[WhiteElo "1919"]
[BlackElo "2079"]

1. d4 Nf6 2. c4 e6 3. e3 d5 4. cxd5 exd5 5. a3 Bd6 6. Nf3 O-O 7. Be2 c5 8. dxc5
Bxc5 9. O-O Nc6 10. Nc3 Bg4 11. b4 Bb6 12. Bb2 Qd7 13. b5 Na5 14. a4 Rac8 15.
Ne5 Bxe2 16. Qxe2 Qe7 17. Nf3 Nc4 18. a5 Bxa5 19. Na4 Nxb2 20. Nxb2 Bb6 21. Nd3
Ne4 22. Qb2 Rc3 23. Nf4 Rd8 24. Rad1 Rc5 25. Nd4 g5 26. Nh5 h6 27. Nf5 Qf8 28.
Ne7+ Kh7 29. Nxd5 Rcxd5 30. Rxd5 Rxd5 31. Qb1 f5 32. Ng3 Nxg3 33. hxg3 Kg7 34.
Qb2+ Qf6 35. Qb3 Qd6 36. Qc3+ Qe5 37. Qc8 Qc7 38. Qe8 Qd7 39. Qb8 Rxb5 40. Rc1
Qf7 41. Qc8 a5 42. Qc3+ Kg6 43. Rd1 Rd5 44. Rb1 Rd6 45. Qa3 Qd7 46. Qb3 a4 47.
Qg8+ Kh5 48. Qc4 Rd1+ 49. Rxd1 Qxd1+ 50. Kh2 Qd7 51. Qe2+ g4 52. Qc4 Bd8 53. Qc5
Be7 54. Qc4 Qe8 55. Qd5 Qf8 56. Qb5 a3 57. Qxb7 Qf7 58. f3 a2 59. fxg4+ Kxg4 60.
Qf3+ Kg5 61. Qf4+ Kg6 0-1

[Event "AUTO-MASTER-3045"]
[Site "http://www.queenalice.com/game.php?id=1759864"]
[Date "2021.5.19"]
[Round "1"]
[White "jlpbarreto"]
[Black "ignacius_01"]
[Result "1-0"]
[WhiteElo "2044"]
[BlackElo "1930"]

1. e4 c5 2. c3 a6 3. d4 cxd4 4. cxd4 e6 5. Nf3 g6 6. Nc3 Bg7 7. Be2 Ne7 8. Be3
O-O 9. O-O d6 10. Qb3 Nbc6 11. Rad1 Na5 12. Qc2 b5 13. b3 Nac6 14. Qd2 Bb7 15.
Bh6 d5 16. Bxg7 Kxg7 17. Bd3 Nb4 18. a3 Nxd3 19. Qxd3 dxe4 20. Nxe4 Bxe4 21.
Qxe4 Nd5 22. Rc1 Rc8 23. Rc5 Rxc5 24. dxc5 Qc7 25. b4 Nf6 26. Qe5 Qd8 27. Rc1
Qd5 28. Qc3 Kg8 29. Qxf6 Rc8 30. Qd4 Qb3 31. Qc3 Qd5 32. h3 Qd8 33. Qd4 Qe7 34.
Rd1 Qb7 35. Qd7 Qc6 36. Qxc6 Rxc6 37. Kf1 Kg7 38. Rd7 Kf6 39. Rxf7+ 1-0

[Event "AUTO-MASTER-3045"]
[Site "http://www.queenalice.com/game.php?id=1759865"]
[Date "2021.5.19"]
[Round "1"]
[White "ignacius_01"]
[Black "princesher"]
[Result "1/2-1/2"]
[WhiteElo "1907"]
[BlackElo "2028"]

1. d4 d5 2. c4 e6 3. cxd5 exd5 4. Nc3 Bb4 5. a3 Bxc3+ 6. bxc3 h6 7. e3 a6 8. c4
dxc4 9. Bxc4 Nd7 10. Qb3 Qe7 11. a4 Ngf6 12. Nf3 Ne4 13. Ba3 Qf6 14. O-O c5 15.
d5 O-O 16. Bb2 Qb6 17. Qc2 Nd6 18. Qc3 f6 19. Ba2 Qb4 20. Qxb4 cxb4 21. Nd4 Nc5
22. Bb1 Bd7 23. a5 Rfc8 24. Ne2 Bb5 25. Re1 Bxe2 26. Rxe2 Rab8 27. Bg6 b3 28.
Bd4 Nd7 29. Rb2 Nf8 30. Bd3 Rc7 31. Rxb3 Rbc8 32. g3 Rc1+ 33. Rxc1 Rxc1+ 34. Kg2
Rc7 35. Bb6 Re7 36. Rc3 Rd7 37. Rc7 f5 38. Rxd7 Nxd7 39. Bc7 Nc5 40. Bc2 Nde4
41. d6 Kf8 42. Bxe4 fxe4 43. f3 exf3+ 44. Kxf3 Ke8 45. e4 Kd7 46. Kf4 Ne6+ 47.
Kf5 Nxc7 48. dxc7 Kxc7 49. Kg6 b5 50. e5 b4 51. e6 b3 52. e7 b2 53. e8=Q b1=Q+
54. Kxg7 Qb2+ 55. Kf8 Qxh2 56. Qe7+ Kc6 57. Qe6+ Kb5 58. Qb6+ Ka4 59. Qxa6 Qxg3
60. Qxh6 Kxa5 61. Qd2+ Ka4 62. Qc2+ Qb3 63. Qxb3+ Kxb3 64. Kf7 Kc4 65. Ke6
1/2-1/2

[Event "AUTO-MASTER-3045"]
[Site "http://www.queenalice.com/game.php?id=1759866"]
[Date "2021.5.19"]
[Round "1"]
[White "princesher"]
[Black "ignacius_01"]
[Result "1-0"]
[WhiteElo "1941"]
[BlackElo "1909"]

1. e4 c5 2. d3 g6 3. Bd2 Bg7 4. c3 Nc6 5. g3 e5 6. Bg2 Nf6 7. Bg5 Qb6 8. b3 Qa5
9. Bxf6 Bxf6 10. Nf3 d6 11. h3 Bd7 12. g4 a6 13. g5 Bg7 14. Nfd2 b5 15. O-O O-O
16. h4 Qd8 17. Qf3 Be6 18. Bh3 Bxh3 19. Qxh3 Qe7 20. Nf3 f6 21. Nbd2 fxg5 22.
hxg5 Rf7 23. Kg2 Raf8 24. Rh1 Bh8 25. Rh2 Rg7 26. Rah1 Nd8 27. Qg3 Rf4 28. Rh4
Rxh4 29. Rxh4 Ne6 30. Rg4 Nf4+ 31. Kf1 Nxd3 32. Nh2 Nf4 33. f3 a5 34. c4 b4 35.
Ke1 Rf7 36. Ndf1 Nh5 37. Qh4 Bg7 38. Ne3 Qf8 39. Qf2 Nf4 40. Kd2 Nh5 41. Ng2 Qa8
42. Ke3 a4 43. Qc2 axb3 44. axb3 Qf8 45. Qf2 Qd8 46. Qd2 Bf8 47. f4 exf4+ 48.
Nxf4 Nxf4 49. Rxf4 Qxg5 50. Qf2 Rxf4 51. Qxf4 Qg1+ 52. Ke2 Qg2+ 53. Kd1 Qh3 54.
Nf3 Qf1+ 55. Kc2 Qf2+ 56. Kd3 Qb2 57. Nd2 Qc3+ 58. Ke2 Qh3 59. Qf6 Qh2+ 60. Kd3
Qg3+ 61. Kc2 Qe5 62. Qd8 Qc3+ 63. Kd1 Qg3 64. Qc8 Qe5 65. Kc2 Kg7 66. Qb7+ Kh6
67. Qc8 Qf6 68. Qh3+ Kg7 69. Qd7+ Qf7 70. Qg4 Qa7 71. Kd3 Qa1 72. Qd7+ Kh8 73.
Qf7 Qd4+ 74. Ke2 Qg7 75. Qe8 h5 76. Qe6 Kh7 77. Qh3 Be7 78. Qd3 Qe5 79. Nf3 Qb2+
80. Nd2 Qe5 81. Nf3 Qg3 82. Qe3 h4 83. Qf2 Qxf2+ 84. Kxf2 Kh6 85. Kg2 Kh5 86.
Kh3 g5 87. Nh2 Bf6 88. Ng4 Be5 89. Ne3 Bf4 90. Ng4 Be5 91. Ne3 Bf4 92. Ng4 Bd2
93. Nf6+ Kg6 94. Ng4 1-0

[Event "AUTO-MASTER-3045"]
[Site "http://www.queenalice.com/game.php?id=1759867"]
[Date "2021.5.19"]
[Round "1"]
[White "ignacius_01"]
[Black "Rutty"]
[Result "0-1"]
[WhiteElo "1937"]
[BlackElo "2137"]

1. d4 d5 2. c4 c6 3. Nf3 Nf6 4. e3 Bg4 5. Be2 Bxf3 6. Bxf3 e6 7. O-O dxc4 8. Nc3
b5 9. e4 Be7 10. a4 b4 11. Na2 O-O 12. e5 Nd5 13. Bd2 a5 14. Qc1 Nb6 15. Be3
Nxa4 16. Qxc4 Ra6 17. b3 Nb6 18. Qc2 Nd5 19. Bd2 Qb6 20. Bxd5 cxd5 21. Be3 Nc6
22. Rad1 f6 23. exf6 Bxf6 24. Qb2 a4 25. bxa4 Rxa4 26. Rb1 Nxd4 27. Bxd4 Bxd4
28. Qd2 b3 29. Nc1 b2 30. Nd3 Rb8 31. g3 e5 32. Kg2 e4 33. Nxb2 Bxb2 34. Qxd5+
Kh8 35. Qd1 Rb4 36. Qc2 e3 37. Rfe1 exf2 38. Qxf2 Qc6+ 39. Kh3 Qd7+ 40. Kg2 Bf6
41. Rxb4 Rxb4 42. Rf1 Qd5+ 0-1

[Event "AUTO-MASTER-3045"]
[Site "http://www.queenalice.com/game.php?id=1759868"]
[Date "2021.5.19"]
[Round "1"]
[White "Rutty"]
[Black "ignacius_01"]
[Result "1-0"]
[WhiteElo "2139"]
[BlackElo "1938"]

1. e4 c5 2. Nf3 a6 3. d4 cxd4 4. Nxd4 e6 5. Nc3 Be7 6. Bc4 Nc6 7. O-O h6 8. Nxc6
bxc6 9. Bf4 d5 10. exd5 cxd5 11. Bb3 Bd7 12. Re1 Nf6 13. Qe2 d4 14. Ne4 O-O 15.
Qf3 Nxe4 16. Qxe4 Bf6 17. Rad1 Qb6 18. Qf3 Qb5 19. Bxh6 Bg5 20. Bxg5 Qxg5 21.
Rxd4 Rad8 22. Rg4 Qh6 23. Qg3 g6 24. Rh4 Qg7 25. c3 Be8 26. Ba4 Bxa4 27. Rxa4
Rb8 28. b3 Ra8 29. c4 Rfd8 30. c5 Rdc8 31. b4 Qd4 32. Qa3 Qc4 33. Rc1 Qb5 34. h3
Rd8 35. Qb3 Rdc8 36. Ra5 Qc6 37. Qc4 e5 38. Rd1 Re8 39. Rd6 Qc8 40. Raxa6 Rxa6
41. c6 e4 42. b5 Rxa2 43. Qxa2 e3 44. fxe3 Rxe3 45. Qd2 Re8 46. b6 Qa6 47. c7
Qa1+ 48. Kh2 Qe5+ 49. Kh1 Qa1+ 50. Qd1 Re1+ 51. Qxe1 Qxe1+ 52. Kh2 Qe5+ 53. Kg1
Qxd6 54. c8=Q+ Kg7 55. Qc7 1-0

[Event "AUTO-ADV-4462"]
[Site "http://www.queenalice.com/game.php?id=1760139"]
[Date "2021.5.21"]
[Round "2"]
[White "talisman77"]
[Black "ignacius_01"]
[Result "0-1"]
[WhiteElo "1640"]
[BlackElo "2006"]

1. d4 d5 2. c4 c6 3. Nc3 g6 4. cxd5 cxd5 5. e4 dxe4 6. Nxe4 Bg7 7. Nf3 a6 8. Bc4
e6 9. O-O b5 10. Bb3 Nf6 11. Bg5 O-O 12. Re1 Nbd7 13. Rc1 Bb7 14. Nxf6+ Nxf6 15.
Qe2 Bxf3 0-1

[Event "AUTO-ADV-4462"]
[Site "http://www.queenalice.com/game.php?id=1760140"]
[Date "2021.5.21"]
[Round "2"]
[White "ignacius_01"]
[Black "talisman77"]
[Result "1-0"]
[WhiteElo "2008"]
[BlackElo "1638"]

1. d4 e6 2. c4 d5 3. cxd5 exd5 4. Nf3 Nc6 5. e3 Bg4 6. Be2 f5 7. Nc3 Bb4 8. O-O
Nf6 9. a3 Bd6 10. Nb5 O-O 11. Nxd6 Qxd6 12. h3 Bh5 13. b4 Ne4 14. Bb2 Rae8 15.
b5 Nd8 16. a4 1-0

[Event "AUTO-ADV-4462"]
[Site "http://www.queenalice.com/game.php?id=1760143"]
[Date "2021.5.21"]
[Round "2"]
[White "Daniel1962"]
[Black "ignacius_01"]
[Result "1-0"]
[WhiteElo "1729"]
[BlackElo "1953"]

1. e4 c5 2. Bc4 e6 3. e5 a6 4. Nf3 b5 5. Be2 Bb7 6. O-O g6 7. d3 Bg7 8. Be3 Nc6
9. Bxc5 Nxe5 10. Nxe5 Bxe5 11. Nd2 Bxb2 12. Rb1 Bg7 13. Ne4 Bxe4 14. dxe4 Nf6
15. Bf3 e5 16. Bg4 Rc8 17. Bb6 Qxb6 18. a4 Nxg4 19. Qxg4 Rxc2 20. Rbd1 Qb7 21.
axb5 axb5 22. Rd5 Rc4 23. Rfd1 O-O 24. Rxd7 Qxe4 25. Qg5 b4 26. Rd8 Qe2 27. Qe7
Rc2 28. Rf1 b3 29. Rdd1 b2 30. Rde1 Qc4 31. Qb7 1-0

[Event "AUTO-ADV-4462"]
[Site "http://www.queenalice.com/game.php?id=1760144"]
[Date "2021.5.21"]
[Round "2"]
[White "ignacius_01"]
[Black "Daniel1962"]
[Result "0-1"]
[WhiteElo "1980"]
[BlackElo "1702"]

1. d4 d5 2. c4 c6 3. g3 Nf6 4. cxd5 cxd5 5. Bg2 Bf5 6. Nf3 e6 7. O-O Bd6 8. Nh4
Be4 9. Nf3 Nc6 10. Nc3 Bxf3 11. Bxf3 Qb6 12. e3 h5 13. a3 O-O-O 14. Be2 h4 15.
Bf3 hxg3 16. fxg3 Ne4 17. Nxe4 dxe4 18. Bxe4 f5 19. Bf3 g5 20. Qc2 g4 21. Bxc6
bxc6 22. b4 Rh3 23. Rf2 Rdh8 24. Rg2 e5 25. Bb2 e4 26. Rc1 Kd7 27. Qf2 R8h5 28.
Qc2 a5 29. bxa5 Qa6 30. Qc3 Bc7 0-1

[Event "AUTO-ADV-4462"]
[Site "http://www.queenalice.com/game.php?id=1760147"]
[Date "2021.5.21"]
[Round "2"]
[White "ignacius_01"]
[Black "Dangermouse"]
[Result "1/2-1/2"]
[WhiteElo "1912"]
[BlackElo "2099"]

1. d4 d5 2. c4 e6 3. cxd5 exd5 4. Nc3 Nf6 5. e3 Bb4 6. a3 Ba5 7. b4 Bb6 8. Na4
Nbd7 9. g3 c6 10. Nxb6 Nxb6 11. Nf3 Bg4 12. Bg2 O-O 13. Qc2 h6 14. Ne5 Qc8 15.
Nxg4 Nxg4 16. Bh3 Nxe3 17. fxe3 Qxh3 18. Qf2 Nc4 19. Qf1 Qxf1+ 20. Kxf1 Rae8 21.
Kf2 Re6 22. Re1 Ne5 23. dxe5 Rxe5 24. Bb2 Re4 25. Bd4 a6 26. Re2 f5 27. Kf3 g5
28. Bc5 Rf7 29. Rd1 h5 30. Rd4 Kh7 31. Rxe4 fxe4+ 32. Kg2 g4 33. h3 gxh3+ 34.
Kxh3 Kg6 35. Kg2 Kg5 36. Kh3 Kg6 37. Kg2 Kg5 38. Rf2 Rxf2+ 39. Kxf2 Kg4 40. Be7
Kh3 41. Bf6 Kh2 42. Be5 Kh3 43. Ke2 Kg2 44. Kd2 Kf3 45. Bf4 b6 46. Kc3 c5 47.
bxc5 bxc5 48. a4 d4+ 49. exd4 cxd4+ 50. Kxd4 h4 51. gxh4 Kxf4 52. h5 e3 53. Kd3
Kf3 54. h6 e2 55. h7 e1=Q 56. h8=Q Qe4+ 57. Kc3 Qxa4 58. Qh3+ Kf2 59. Qh2+ Ke3
1/2-1/2

[Event "AUTO-ADV-4462"]
[Site "http://www.queenalice.com/game.php?id=1760148"]
[Date "2021.5.21"]
[Round "2"]
[White "Dangermouse"]
[Black "ignacius_01"]
[Result "1-0"]
[WhiteElo "2111"]
[BlackElo "2032"]

1. d4 d5 2. c4 c6 3. Nf3 Bg4 4. Ne5 Bf5 5. cxd5 cxd5 6. Nc3 a6 7. Qb3 b5 8. Qxd5
Qxd5 9. Nxd5 Nd7 10. Nc7+ Kd8 11. Nxa8 Nxe5 12. dxe5 e6 13. Bd2 Bc5 14. Rc1 Bd4
15. Ba5+ 1-0